1475 1690 1084 1942 1798 1355 1615 1993 1908 1319 1195 1867 1343 1764 1324 1277 1752 1892 1258 1259 1555 1427 1449 1880 1763 1536 1290 1240 1318 1696 1574 1442 1940 1162 1166 1254 1035 1891 1100 1842 1970 1821 1781 1894 1064 1741 1562 1965 1517 1699 1548 1404 1634 1066 1065 1597 1286 1294 1478 1166 1776 1181 1090 1839 1272 1290 1491 1402 1989 1860 1378 1088 1875 1732 1569 1896 1805 1683 1222 1501 1059 1314 1485 1676 1185 1528 1992 1227 1999 1218 1856 1914 1189 1555 1118 1906 1847 1729 1937 BCNSPRNW ULIB Ver.6.0+V

เปลี่ยนเป็นภาษาไทย

Change to English
 แสดงรายละเอียดบรรณานุกรม
  กลับหน้าหลัก

Brief Record : Get Marc (ISO 2709) : E-mail record : QR code < ปิดหน้าต่าง
LEADER : 00000nam 2200000uu 4500
001    13399128668
003     ULIB
008    230928s||||||||th 000 0 tha d
020    ^a9786163920607
060    ^aWS440^bV112น
100    ^a^ Vacharobon Thirakhupt
245    ^aนิทานสุภาษิต 2 ภาษา (ไทย-อังกฤษ) สอนให้เด็ก ๆ รู้จักระมัดระวังอันตรายจากคนแปลกหน้า นกกระยางเจ้าเล่ห์ : The Tricky Egret
250    ^aพิมพ์ครั้งที่ 1
260    ^aกรุงเทพฯ :^bโลกหนังสือ,^c2560
300    ^a10 หน้า;^c19 ซม.
650    ^aนิทานเด็ก
650    ^aเด็ก-พัฒนาการ
945    ^p50^l0^i30040
999    ^aกัณชพร จุลอักษร
รายการนี้ยังไม่มีแท็ก
คุณยังไม่ได้ล็อกอิน คุณสามารถมีกิจกรรมร่วมกับเว็บไซต์ได้ แต่ต้องล็อกอินก่อน ::
  ล็อกอิน

รายการสื่อสารสนเทศ

ลำดับที่ ประเภท เลขเรียก/บาร์โค้ด สถานที่ สถานะ
1. วิทยาศาสตร์การแพทย์ และสุขภาพ
วิทยาศาสตร์การแพทย์ และสุขภาพ
WS440 V112น ฉ.1 
  Barcode: 30040
ห้องสมุดวิทยาเขตนครสวรรค์
►หนังสือทั่วไป:l:General Books
บนชั้น

รายการใกล้เคียง
    ชื่อเรื่อง [นิทานสุภาษิต 2 ภาษา (ไทย-อังกฤษ) สอนให้เด็ก ๆ รู้จักระมัดระวังอันตรายจากคนแปลกหน้า นกกระยางเจ้าเล่ห์ : The Tricky Egret]

    ผู้แต่ง [^ Vacharobon Thirakhupt]

    หัวเรื่อง [นิทานเด็ก]
    หัวเรื่อง [เด็ก-พัฒนาการ]

BibComment


ยังไม่เคยถูกคอมเมนท์

คอมเมนท์ทรัพยากรรายการนี้
  คอมเมนท์: นิทานสุภาษิต 2 ภ..


 Copyright 2026. Bcnsprnw @Library